000 00630nam a2200205Ii 4500
003 JO-AjNU
008 230606s9999||||xx |||||||||||||| ||und||
020 _a0-205-06523-6
040 _aJO-AjNU
_beng
_erda
_cJO-AjNU
041 _aeng
050 1 4 _aHD31.H542.1979
100 3 _aHODGE,B.J/WILLIAM P.ANTHONY,
_eauthor
_92925
245 0 0 _aOrganization Theory An Environmental Approach
264 3 1 _aBoston:ALLYN AND BACON INC
300 _a557p
336 _atext
_btxt
_2rdacontent
337 _aunmediated
_bn
_2rdamedia
338 _avolume
_bnc
_2rdacarrier
650 4 _a An Environmental Approach-Organization Theory
_92926
999 _aE1533
_c1533
_d1533